000 00965nam a2200229 4500
001 36739
003 BD-RjUL
005 20211209052531.0
008 140827s2008 bg a|||| |||| 00| 0 ben d
020 _a9843000024055 :
_cTk. 180.00
035 _a(BD-RjUL)36841
040 _aBD-RjUL
_dBD-RjUL
_beng
_cBD-RjUL
041 _aben
082 _a320.0955
_bRAI 2008
_223
100 _aরহমান, তারেক মুহম্মদ তওফীকুর
_9112072
245 1 0 _aইরানের রাজনৈতিক ব্যবস্থা /
_cতারেক মুহম্মদ তওফীকুর রহমান
260 _aঢাকা :
_bকেটিথ্রি পাবলিশার্স,
_c২০০৮.
300 _axvi, ১১২ পৃ. :
_bচিত্র ;
_c২২ সেমি.
650 _aরাজনীতি ও সরকার
_zইরান
_9112073
650 _aPolitics and government
_zIran
_980964
942 _2ddc
_cBK
999 _c36739
_d36739